Top 100 most valuable football clubs - Statistics

General Stats
  • This quiz has been taken 265 times
  • The average score is 60 of 100
Answer Stats
Hint Answer % Correct
2. 1.26bn Manchester City
99%
9. 854.15m Manchester United
99%
1. 1.36bn Real Madrid
99%
5. 944m Barcelona
98%
6. 939.7m Bayern Munich
98%
7. 931m Liverpool
97%
17. 562m AC Milan
95%
3. 1.17bn Arsenal
95%
4. 954.2m Chelsea
95%
11. 677.3m Inter Milan
95%
8. 892.5m PSG
95%
14. 615.45m Aston Villa
94%
19. 510m Atletico Madrid
94%
10. 788.3m Tottenham Hotspur
94%
21. 474.9m Borussia Dortmund
93%
15. 594.2m Juventus
90%
38. 332.5m AS Roma
86%
12. 657.65m Newcastle United
86%
40. 305.3m Olympique Marseille
84%
26. 428.9m SSC Napoli
83%
71. 173.3m Sevilla
81%
49. 253m Valencia
81%
33. 351.75m FC Porto
80%
30. 358.2m AS Monaco
79%
37. 335.5m Benfica
79%
55. 222.05m Ajax Amsterdam
77%
20. 481.5m West Ham United
77%
13. 634.25m Bayer 04 Leverkusen
76%
35. 338.7m Athletic Bilbao
75%
32. 353.1m Everton
75%
52. 236.35m SS Lazio
75%
51. 240.3m Olympique Lyon
74%
36. 338.35m PSV Eindhoven
74%
45. 275.6m Leicester City
72%
24. 443.5m Sporting CP
72%
16. 572.1m Brighton & Hove Albion
71%
29. 379.7m Wolverhampton Wanderers
71%
72. 173.08m Leeds United
70%
27. 428m Nottingham Forest
70%
64. 192.4m Real Betis
70%
25. 438m Crystal Palace
69%
46. 263.7m LOSC Lille
69%
47. 262.05m Galatasaray
66%
42. 283.2m Southampton
66%
87. 124.43m Celtic
65%
34. 346m Fulham
65%
43. 280.1m Eintracht Frankfurt
63%
48. 258.3m Fiorentina
63%
22. 447.6m Atalanta Bergamo
61%
23. 443.7m Real Sociedad
61%
31. 354.85m Bournemouth
60%
41. 295.3m Feyenoord Rotterdam
60%
18. 517.9m RB Leipzig
60%
53. 230.7m Villareal
60%
56. 216.5m Girona
59%
58. 214.4m OGC Nice
58%
39. 313.73m VfB Stuttgart
57%
28. 403.03m Brentford
56%
57. 215m VfL Wolfsburg
56%
44. 276.8m Bologna
55%
66. 186.7m Burnley
53%
65. 190.63m Al-Nassr
52%
81. 139.48m Besiktas
51%
78. 149.6m Club Brugge KV
51%
80. 139.7m Borussia Mönchengladbach
49%
73. 172.03m Torino
49%
54. 226.13m Fenerbahce
47%
63. 195.4m Ipswich Town
47%
94. 109.4m RSC Anderlecht
46%
50. 243.65m Al- Hilal SFC
45%
85. 127.45m SC Braga
45%
62. 202.4m Red Bull Salzburg
43%
69. 177.6m Lens
42%
61. 203.25m Stade Rennais
42%
68. 181.2m Zenit St. Petersburg
40%
96. 105.65m Olympiacos Piraeus
39%
75. 169.05m Freiburg
38%
90. 119.6m River Plate
38%
79. 143.9m Genoa
37%
88. 122.18m 1. FC Union Berlin
35%
83. 128.18m Udinese Calcio
32%
86. 125.1m Parma Calcio 1913
31%
76. 166.15m TSG 1899 Hoffenheim
31%
89. 120.9m Stade Brestois 29
30%
74. 171.58m Al-Ittihad
29%
59. 212.1m CR Flamengo
29%
67. 182.15m Strasbourg
29%
70. 177.45m Al-Ahli
28%
93. 112.4m Osasuna
27%
60. 209.85m Sociedade Esportiva Palmeiras
25%
84. 127.7m Stade Reims
25%
95. 107.48m Panathinaikos
22%
97. 105.55m Sao Paulo
22%
91. 119.35m SV Werder Bremen
21%
92. 112.6m Las Palmas
20%
77. 160.2m Shakhtar Donetsk
20%
82. 136.5m Botafogo de Futebol e Regatas
19%
98. 105.2m Sport Club Corinthians Paulista
16%
99. 105.15m Trabzonspor
16%
100. 105.1m Clube Atletico Mineiro
3%
No matching quizzes found
Score Distribution
Percent of People with Each Score
Percentile by Number Answered
Your Score History
You have not taken this quiz